000 00866nam a22002177a 4500
005 20111130111933.0
010 _aB-444677
020 _a9781405206181
_c425.00
035 _aB-444677
037 _aBlue Berry/Ven
_bDPL
082 0 0 _aS
100 0 _aHergé,
_937902
245 1 4 _aThe Black island /
_cHergé ; translated by Leslie Lonsdale-Cooper and Michael Turner
260 _aLondon
_bEgmont UK Ltd.
_c2009
270 _a239 Kensington High Street
_bLondon
_eW86SA
300 _a62 p.
_bcol. ill.
_c30 cm .(pbk)
490 1 _aThe Adventures of Tintin
_937903
942 _2ddc
_cCH
_hS
_mHER
999 _c58822
_d58822